00531nam a2200145Ia 4500008004100000020001800041041000800059082001600067100001700083245019700100250000600297260004100303300001300344650002800357210716s2018 xx 000 0 und d a9788126564408 aeng a658.84 DODI aDodson, Ian. aArt of digital marketing: the definitive guide to creating strategic targeted and measurable online campaigns.bDefinitive guide to creating strategic targeted and measurable online campaigns. a1 aNew DelhibWiley India Pvt Ltdc2018 aviii,385 aInternational Marketing